00222nam a2200097Ia 4500008004100000100002400041245001400065260002600079300000900105650001000114190216s9999||||xx |||||||||||||| ||und|| aKottayam Pushpanath 0aThandavam bPoorna Pubs Kozhikode a226p aNovel